00264 a2200121 4500001000700000020000600007040001100013100000600024240004900030245004400079362000900123440001000132158693 a  cMagnum a-10aEnciclopedia ilustrada do estudante/v.4lpor10aEnciclopedia ilustrada do estudante/v.40 a1899 1aGlobo